Films nordiques par images - Statistiques

Statistiques générales
  • Ce quiz a été pris 6 fois
  • Le résultat moyen est 7 sur 16
Statistiques - réponses
Par images Réponse % Correct
Melancholia
100%
Persona
100%
Julie (en 12 chapitres)
67%
La Charette fantôme
67%
Béliers
50%
Le Festin de Babette
50%
Le Sacrifice
50%
L'Homme sans passé
50%
Morse
50%
Pusher
50%
Le Trésor d'Arne
17%
Ådalen '31
0%
Chansons du deuxième étage
0%
Corridor
0%
Edvard Munch, la danse de la vie
0%
Gertrud
0%
Aucun quiz correspondant
Distribution des résultats
% des personnes avec chaque résultat
Percentile par nombre de réponses
Votre historique - résultats
Vous n’avez pas pris ce quiz